[Event "4th London Classic Open"]
[Site "London ENG"]
[Date "2012.12.03"]
[Round "3"]
[White "Strand,O"]
[Black "Millward,R"]
[Result "1/2-1/2"]
[WhiteElo "1854"]
[BlackElo "2048"]
[WhiteFideId "1507230"]
[BlackFideId "405698"]
[EventDate "2012.12.01"]

1. d4 g6 2. Nf3 Bg7 3. e4 d6 4. Bd3 Nd7 5. Be3 e6 6. O-O Ne7 7. Qd2 O-O 8. c4 c5
9. Nc3 a6 10. a3 b6 11. Rab1 Bb7 12. d5 exd5 13. exd5 Ne5 14. Nxe5 dxe5 15. b4
f5 16. f3 cxb4 17. axb4 Nc8 18. b5 a5 19. Na4 f4 20. Bf2 Bf6 21. Be4 Be7 22. c5
bxc5 23. Nxc5 Bxc5 24. Bxc5 Re8 25. d6 Bxe4 26. fxe4 Nb6 27. Kh1 Kg7 28. Qf2 Rb8
29. Rfc1 Nc8 30. Rd1 Nb6 31. Qa2 Nd7 32. Qd5 Nxc5 33. Qxc5 Qb6 34. Qc7+ Kg8 35.
Qxb6 Rxb6 36. d7 Rd8 37. Rbc1 Kf7 38. Rd5 Rb7 39. Rxe5 Rbxd7 40. Rf1 Rd1 41. Kg1
Kf6 42. Rc5 a4 43. b6 Rxf1+ 44. Kxf1 Rb8 45. Ra5 Rxb6 46. Rxa4 Rb2 47. Ra7 h5
48. Ra6+ Kg5 49. h4+ Kh6 50. Rf6 Kg7 51. Rxf4 Rc2 52. Kg1 Re2 53. Kh2 g5 54.
hxg5 Kg6 55. Kg3 Kxg5 56. Rf5+ Kg6 57. Kf3 Re1 58. Kf4 Rf1+ 59. Ke5 Rg1 60. Rf2
Kg5 61. Ke6 h4 62. Rf8 Ra1 63. Rg8+ Kf4 64. e5 Ra6+ 65. Kd5 Ra5+ 66. Kd4 Rxe5
67. Rh8 Re4+ 68. Kd3 Re6 1/2-1/2

[Event "4th London Classic Open"]
[Site "London ENG"]
[Date "2012.12.03"]
[Round "3"]
[White "Rusek,W"]
[Black "Jyothilal,N"]
[Result "0-1"]
[WhiteElo "1831"]
[BlackElo "2038"]
[WhiteFideId "1612700"]
[BlackFideId "5002605"]
[EventDate "2012.12.01"]

1. d4 Nf6 2. c4 g6 3. Nc3 d5 4. Nf3 Bg7 5. Qb3 dxc4 6. Qxc4 O-O 7. e3 a6 8. Be2
Be6 9. Qa4 h6 10. Ne5 c5 11. dxc5 Nd5 12. Nxd5 Qxd5 13. Nf3 Nd7 14. O-O Nxc5 15.
Qb4 Rad8 16. Nd4 Bc8 17. Rb1 e5 18. Bc4 Qe4 19. Bd2 exd4 20. Qxc5 b5 21. Be2 Qe6
22. b3 Bb7 23. Qc1 Be4 24. Ba5 Rc8 0-1

[Event "4th London Classic Open"]
[Site "London ENG"]
[Date "2012.12.03"]
[Round "3"]
[White "McKerracher,D"]
[Black "Marshall,Mi"]
[Result "1-0"]
[WhiteElo "2034"]
[BlackElo "1898"]
[WhiteFideId "2401002"]
[BlackFideId "1409956"]
[EventDate "2012.12.01"]

1. e4 c5 2. Nc3 Nc6 3. g3 e6 4. Bg2 g6 5. d3 Bg7 6. f4 d6 7. Nf3 Nge7 8. O-O O-O
9. Be3 Nd4 10. e5 Nxf3+ 11. Qxf3 Nf5 12. Bf2 Nd4 13. Qd1 dxe5 14. fxe5 Bxe5 15.
Ne4 Rb8 16. c3 Nf5 17. Bxc5 Re8 18. Bxa7 Ra8 19. Bf2 Qc7 20. d4 Bg7 21. g4 Ne7
22. Bg3 Qb6 23. Rf2 Nd5 24. Qf3 f5 25. gxf5 gxf5 26. Nd6 Rd8 27. Nc4 Qc6 28. Ne5
Qe8 29. a3 Ra7 30. Re1 Bd7 31. Bh4 Rc8 32. Qg3 Kh8 33. Rfe2 Ra6 34. Kh1 b5 35.
Rg1 Nf6 36. Bf3 Qe7 37. Reg2 Rg8 38. Nxd7 Qxd7 39. Bxf6 Ra7 40. Bxg7+ Rxg7 41.
Qxg7+ 1-0

[Event "4th London Classic Open"]
[Site "London ENG"]
[Date "2012.12.03"]
[Round "3"]
[White "Iyengar,I"]
[Black "Moan,Francis E"]
[Result "1-0"]
[WhiteElo "2019"]
[BlackElo "1853"]
[WhiteFideId "405949"]
[BlackFideId "424420"]
[EventDate "2012.12.01"]

1. d4 d5 2. c4 e6 3. Nc3 Nf6 4. cxd5 exd5 5. Bg5 Be7 6. e3 O-O 7. Bd3 Nbd7 8.
Nf3 h6 9. Bh4 c6 10. Qc2 Re8 11. Nd2 a6 12. O-O Qc7 13. Rab1 Ng4 14. Bg3 Bd6 15.
Nxd5 Qb8 16. Nf4 g5 17. Nh5 Ndf6 18. Nxf6+ Nxf6 19. Bxd6 Qxd6 20. Nc4 Qd8 21.
Ne5 Be6 22. Bc4 Qd6 23. Bxe6 Qxe6 24. b4 Rad8 25. a4 Qd6 26. Qc5 Ne4 27. Qxd6
Rxd6 28. Rfc1 Kg7 29. f3 Nf6 30. b5 axb5 31. axb5 Nd5 32. bxc6 bxc6 33. Kf2 Ra8
34. Rc2 Ra6 35. Rb7 Rf6 36. e4 Nf4 37. g3 Ng6 38. Nxg6 Kxg6 39. e5 Re6 40. Rc7
f6 41. f4 gxf4 42. gxf4 Kf5 43. Rf7 Kg6 44. Rxf6+ Rxf6 45. exf6 Kxf6 46. Kf3 Rb6
47. Ke4 Ra6 48. f5 Rb6 49. Rg2 h5 50. Rg6+ Ke7 51. Rh6 h4 52. Rxh4 c5 53. Rh7+ 1-0

[Event "4th London Classic Open"]
[Site "London ENG"]
[Date "2012.12.03"]
[Round "3"]
[White "Ditmas,H"]
[Black "Mc Aleenan,C"]
[Result "1/2-1/2"]
[WhiteElo "2011"]
[BlackElo "1813"]
[WhiteFideId "1270666"]
[BlackFideId "2461617"]
[EventDate "2012.12.01"]

1. d4 e6 2. c4 f5 3. g3 Nf6 4. Bg2 Be7 5. Nf3 O-O 6. O-O d6 7. b3 Ne4 8. Bb2 Qe8
9. Qc2 Bf6 10. Nc3 Nxc3 11. Bxc3 e5 12. dxe5 dxe5 13. Qb2 Nc6 14. e3 Bd7 15.
Rfd1 e4 16. Nd4 Ne5 17. Rd2 Rd8 18. Rad1 Nd3 19. Qc2 a6 20. Ne2 Qe7 21. Bxf6
Qxf6 22. Qc3 Qe7 23. Nc1 Nxc1 24. Qxc1 Bc6 25. Rd4 Rxd4 26. Rxd4 b6 27. Qd2 a5
28. Bf1 h6 29. h4 Qf6 30. Qc3 Rd8 31. c5 Rxd4 32. exd4 b5 33. a3 g5 34. hxg5
hxg5 35. b4 axb4 36. axb4 f4 37. Bg2 Qe6 38. gxf4 gxf4 39. Qh3 Qg6 40. Qc8+ Be8
41. Kf1 e3 42. fxe3 Qd3+ 43. Kg1 Qxe3+ 44. Kh2 Qg3+ 45. Kg1 Qe1+ 1/2-1/2

[Event "4th London Classic Open"]
[Site "London ENG"]
[Date "2012.12.03"]
[Round "3"]
[White "Dydak,Mateusz"]
[Black "Burnham,Frank D"]
[Result "0-1"]
[WhiteElo "1992"]
[BlackElo "1792"]
[WhiteFideId "2612305"]
[BlackFideId "419516"]
[EventDate "2012.12.01"]

1. e4 a6 2. d4 b5 3. Be3 Bb7 4. Nd2 e6 5. Ngf3 Nf6 6. Bd3 Be7 7. O-O O-O 8. c3
d6 9. Qc2 g6 10. h3 Kg7 11. Rfe1 Nbd7 12. Rad1 Rc8 13. Nf1 c5 14. Qb1 Ng8 15.
N1h2 f5 16. exf5 exf5 17. dxc5 dxc5 18. Bf4 Bf6 19. Bc2 Re8 20. Rf1 Re6 21. Bb3
c4 22. Bc2 Qe7 23. Nd4 Bxd4 24. Rxd4 Ngf6 25. Qd1 Bc6 26. Nf3 Re8 27. Bd6 Bxf3
28. gxf3 Qd8 29. b3 Qc8 30. bxc4 bxc4 31. Ba4 Rd8 32. Bb4 Qb7 33. Qd2 Ne5 34.
Qf4 Nh5 35. Kg2 Rxd4 36. Qxd4 Qxf3+ 37. Kg1 Nf4 38. Bc6 Nxh3+ 39. Kh2 Qxc6 40.
f4 Nxf4 41. Rxf4 Kf7 42. Kg3 Qc7 43. Kh3 Nd3 44. Rh4 h5 45. Qxc4 Qxc4 46. Rxc4
g5 47. Rd4 Re3+ 48. Kh2 Nxb4 49. cxb4 Re2+ 50. Kg3 Rxa2 51. Rd6 Ra3+ 52. Kg2 g4
53. Rh6 Kg7 54. Rd6 h4 55. Rc6 Ra2+ 56. Kg1 h3 57. Rd6 g3 58. Rd1 Kf6 0-1

[Event "4th London Classic Open"]
[Site "London ENG"]
[Date "2012.12.03"]
[Round "3"]
[White "Casiot,D"]
[Black "Sigurdsson,Birkir Karl"]
[Result "1/2-1/2"]
[WhiteElo "1991"]
[BlackElo "1725"]
[WhiteFideId "405973"]
[BlackFideId "2304180"]
[EventDate "2012.12.01"]

1. e4 e6 2. d4 d5 3. Nc3 Bb4 4. e5 Ne7 5. a3 Bxc3+ 6. bxc3 c5 7. Nf3 Nbc6 8. Bd3
Qa5 9. Bd2 c4 10. Be2 Bd7 11. O-O O-O 12. Nh4 a6 13. f4 b5 14. g4 f6 15. Nf3 f5
16. Nh4 Qd8 17. Qe1 a5 18. gxf5 Nxf5 19. Nxf5 Rxf5 20. Bg4 Rf8 21. Qf2 Rb8 22.
Rae1 Qe7 23. Bc1 Kh8 24. Rd1 Be8 25. f5 exf5 26. Bf3 Bf7 27. Qg2 Qd7 1/2-1/2

[Event "4th London Classic Open"]
[Site "London ENG"]
[Date "2012.12.03"]
[Round "3"]
[White "Whatley,Stephen A J"]
[Black "Rogers,Tim L"]
[Result "1-0"]
[WhiteElo "1707"]
[BlackElo "1979"]
[WhiteFideId "420441"]
[BlackFideId "418137"]
[EventDate "2012.12.01"]

1. e4 c6 2. d4 d5 3. Nc3 dxe4 4. Nxe4 Nd7 5. Bc4 Ngf6 6. Ng5 e6 7. Qe2 Nb6 8.
Bb3 h6 9. N5f3 c5 10. c3 cxd4 11. Nxd4 Bd6 12. Ngf3 O-O 13. O-O a6 14. Bd2 Re8
15. Rfd1 Qc7 16. h3 Nbd7 17. Bc2 b6 18. Rac1 Bb7 19. b4 Bd5 20. Bb3 b5 21. c4
bxc4 22. Bxc4 Qb7 23. Ne1 Bf8 24. Rb1 Nb6 25. Bb3 Rec8 26. Bxd5 Nbxd5 27. Rb3
Qb6 28. Ndf3 Qb5 29. Qe5 Qa4 30. Qb2 Rc4 31. Nd3 Rac8 32. Rc1 Ne4 33. Be1 Rxc1
34. Nxc1 Qc6 35. Nd3 Ndc3 36. Nd4 Qb6 37. Bxc3 Nxc3 38. Rxc3 Qxd4 39. Rxc8 1-0

[Event "4th London Classic Open"]
[Site "London ENG"]
[Date "2012.12.03"]
[Round "3"]
[White "Kreuzer,C"]
[Black "Shierlaw,Hamish"]
[Result "1/2-1/2"]
[WhiteElo "1977"]
[BlackElo "1582"]
[WhiteFideId "470589"]
[BlackFideId "4301765"]
[EventDate "2012.12.01"]

1. e4 e5 2. Nf3 d6 3. d4 exd4 4. Nxd4 Nf6 5. Nc3 Be7 6. Bc4 O-O 7. Bb3 Nc6 8.
O-O Nxd4 9. Qxd4 Be6 10. Nd5 Nxd5 11. exd5 Bf5 12. Qf4 Bg6 13. c3 Bf6 14. Qg3
Qd7 15. Bd2 Rfe8 16. Rfe1 Rxe1+ 17. Rxe1 Re8 18. Rxe8+ Qxe8 19. Qe3 Qxe3 20.
Bxe3 a6 21. Kf1 Kf8 22. Ke2 Be4 23. f3 Bg6 24. Bc4 Ke7 25. Bd3 Bxd3+ 26. Kxd3
Be5 27. h3 Kd7 28. b3 Ke7 29. g4 Kd7 30. a4 Ke8 31. b4 Bf6 32. c4 Kd7 33. a5 Kc8
34. b5 Kb8 35. Bd4 Bxd4 36. Kxd4 Ka7 37. h4 b6 38. axb6+ Kxb6 39. bxa6 Kxa6 40.
h5 Kb7 41. Kc3 c5 42. dxc6+ Kxc6 43. Kd4 g5 44. hxg6 fxg6 45. g5 Kd7 46. Kd5 Ke7
47. Ke4 Kf7 48. Kd5 Ke7 49. f4 Kd7 50. Ke4 Ke6 51. Kd4 Kd7 52. Kd5 Ke7 53. Kd4
Kd7 1/2-1/2

[Event "4th London Classic Open"]
[Site "London ENG"]
[Date "2012.12.03"]
[Round "3"]
[White "Matthew,Ian G"]
[Black "Bratteteig,Tore-Inge"]
[Result "1/2-1/2"]
[WhiteElo "1948"]
[BlackElo "1684"]
[WhiteFideId "423165"]
[BlackFideId "1510711"]
[EventDate "2012.12.01"]

1. e4 c6 2. d4 d5 3. Nc3 dxe4 4. Nxe4 Bf5 5. Ng3 Bg6 6. Bc4 e6 7. N1e2 Bd6 8.
O-O Qc7 9. f4 Ne7 10. Bd3 Nd7 11. c4 c5 12. d5 Bxd3 13. Qxd3 exd5 14. cxd5 Nf6
15. Nc3 a6 16. Nf5 O-O 17. Nxe7+ Qxe7 18. Bd2 Rfe8 19. Rae1 Qd7 20. Ne4 Nxe4 21.
Rxe4 Rxe4 22. Qxe4 Re8 23. Qf3 Qf5 24. Bc3 f6 25. g3 1/2-1/2

[Event "4th London Classic Open"]
[Site "London ENG"]
[Date "2012.12.03"]
[Round "3"]
[White "French,A"]
[Black "Boy Lazoni,Victor Hugo"]
[Result "1-0"]
[WhiteElo "2018"]
[BlackElo "1806"]
[WhiteFideId "410810"]
[BlackFideId "3822141"]
[EventDate "2012.12.01"]

1. e4 c6 2. d4 d5 3. e5 Bf5 4. h4 h5 5. Bg5 Qb6 6. Bd3 Bxd3 7. Qxd3 Qxb2 8. e6
Qxa1 9. Qb3 b5 10. Nf3 a5 11. O-O a4 12. Qa3 fxe6 13. Nbd2 Qxf1+ 14. Kxf1 Nd7
15. Qc3 Ra6 16. Bf4 Nh6 17. Ng5 Nf5 18. Ndf3 g6 19. Nxe6 Kf7 20. Nfg5+ Kf6 21.
Be5+ 1-0

[Event "4th London Classic Open"]
[Site "London ENG"]
[Date "2012.12.03"]
[Round "3"]
[White "Cannon,Ra"]
[Black "Pattni,Kishan"]
[Result "1-0"]
[WhiteElo "1998"]
[BlackElo "1747"]
[WhiteFideId "408018"]
[BlackFideId "420751"]
[EventDate "2012.12.01"]

1. e4 c5 2. b3 e5 3. Bb2 d6 4. Nc3 Nc6 5. Nf3 Be7 6. Nd5 Nh6 7. Bc4 O-O 8. Qe2
a6 9. a4 Na5 10. Nxe7+ Qxe7 11. Bd5 Be6 12. Bxe6 Qxe6 13. Bc3 Nc6 14. Qc4 Qg4
15. O-O Kh8 16. h3 Qf4 17. d3 Nd4 18. Bxd4 exd4 19. Qd5 b6 20. Rae1 f6 21. Qc6
Rab8 22. Re2 a5 23. Nh2 Nf7 24. Qd5 Qe5 25. Qc4 Nd8 26. f4 Qe8 27. Rfe1 Qc6 28.
Nf3 Re8 29. Qd5 Rb7 30. Qh5 Rbe7 31. Nh4 Kg8 32. Nf5 Rf7 33. Qg4 Kh8 34. e5 fxe5
35. fxe5 dxe5 36. Rxe5 Rxe5 37. Rxe5 Qf6 38. Re8+ Rf8 39. Qe4 g6 40. Rxf8+ Qxf8
41. Qe5+ Kg8 42. Ne7+ Kf7 43. Nd5 Ne6 44. Qf6+ 1-0

[Event "4th London Classic Open"]
[Site "London ENG"]
[Date "2012.12.03"]
[Round "3"]
[White "Gibson,Ch"]
[Black "Kroezen,R"]
[Result "1-0"]
[WhiteElo "1975"]
[BlackElo "1726"]
[WhiteFideId "414697"]
[BlackFideId "1016091"]
[EventDate "2012.12.01"]

1. d4 d5 2. c4 dxc4 3. Nf3 e6 4. e3 Nf6 5. Bxc4 Be7 6. O-O O-O 7. Qe2 Ne4 8. Nc3
Nd6 9. Bb3 b6 10. Rd1 Ba6 11. Qe1 Nf5 12. d5 exd5 13. Bxd5 Qc8 14. Bxa8 c6 15.
Nd5 cxd5 16. Bxd5 Rd8 17. Bb3 Rxd1 18. Qxd1 Bb7 19. Bd2 Nh4 20. Nxh4 Bxh4 21.
Qh5 Qd8 22. Qxf7+ Kh8 23. Qxb7 1-0

[Event "4th London Classic Open"]
[Site "London ENG"]
[Date "2012.12.03"]
[Round "3"]
[White "O'Molloy,Eamonn"]
[Black "Gates,D"]
[Result "1-0"]
[WhiteElo "1926"]
[BlackElo "1705"]
[WhiteFideId "2505843"]
[BlackFideId "415723"]
[EventDate "2012.12.01"]

1. e4 c6 2. d4 d5 3. exd5 cxd5 4. Bd3 Nc6 5. c3 g6 6. Bf4 Nf6 7. Nf3 Bg7 8. O-O
O-O 9. Nbd2 a6 10. a4 Nh5 11. Be3 f5 12. Nb3 e5 13. dxe5 Nxe5 14. Nxe5 Bxe5 15.
Bd4 Bxd4 16. Nxd4 Nf4 17. Bc2 Qg5 18. Qf3 Re8 19. Rfe1 Bd7 20. Rad1 Bc6 21. Qg3
Qxg3 22. hxg3 Nh5 23. Bb3 Re4 24. Nxc6 bxc6 25. Rxe4 fxe4 26. Rxd5 Kf8 27. Rd2
Re8 28. Bd1 e3 29. Re2 exf2+ 30. Kxf2 Nf6 31. Rxe8+ Kxe8 32. a5 Nd5 33. Be2 Nc7
34. Ke3 Ke7 35. Kf4 Kf6 36. Bc4 g5+ 37. Ke4 h6 38. Kd4 Kf5 39. Be2 Ne6+ 40. Kc4
Ke4 41. Bf3+ Ke3 42. Bxc6 Kf2 43. b4 Kxg3 44. b5 1-0

[Event "4th London Classic Open"]
[Site "London ENG"]
[Date "2012.12.03"]
[Round "3"]
[White "Tortolero,Cesar"]
[Black "Miu,M"]
[Result "1-0"]
[WhiteElo "1926"]
[BlackElo "1631"]
[WhiteFideId "3907368"]
[BlackFideId "1220691"]
[EventDate "2012.12.01"]

1. e4 e6 2. d4 d5 3. exd5 exd5 4. Bd3 Bd6 5. Ne2 Ne7 6. Bf4 O-O 7. Qd2 Re8 8.
Bxd6 Qxd6 9. Nbc3 c6 10. O-O-O Bf5 11. f3 Bxd3 12. Qxd3 Nd7 13. g4 b5 14. h4 a5
15. h5 Nc8 16. g5 Nf8 17. f4 Nb6 18. Rdg1 b4 19. Nd1 Re4 20. f5 Rae8 21. Rg2 c5
22. dxc5 Qxc5 23. g6 Qd6 24. h6 fxg6 25. fxg6 Nxg6 26. hxg7 Qf6 27. Rgh2 Qxg7
28. Rxh7 Qxh7 29. Rxh7 Kxh7 30. Ng3 R4e5 31. Nf5 Nf4 32. Qb5 Nc4 33. Qd7+ Kg6
34. Nh4+ Kh6 35. Qf7 Ne2+ 36. Kb1 R8e6 37. b3 Nd6 38. Qf8+ Kh7 39. Kb2 d4 40.
Qd8 Kh6 41. Qh8+ Kg5 42. Nf3+ Kf4 43. Nxe5 Rxe5 44. Qh6+ 1-0

[Event "4th London Classic Open"]
[Site "London ENG"]
[Date "2012.12.03"]
[Round "3"]
[White "Lie,T"]
[Black "Saikhanzaya,Ganbaatar"]
[Result "0-1"]
[WhiteElo "1595"]
[BlackElo "1924"]
[WhiteFideId "1504916"]
[BlackFideId "4900030"]
[EventDate "2012.12.01"]

1. d4 d5 2. c4 c6 3. Nc3 Nf6 4. Nf3 e6 5. Bg5 dxc4 6. a4 Bb4 7. Bxf6 Qxf6 8. e3
b5 9. Be2 O-O 10. O-O Bxc3 11. bxc3 Nd7 12. Rb1 a6 13. Qc2 Nb6 14. axb5 cxb5 15.
Ne5 Qe7 16. Nc6 Qd6 17. Bf3 Bb7 18. Ne5 Bxf3 19. Nxf3 h6 20. Qb2 Rfb8 21. Rfc1
Nd5 22. Nd2 Qc6 23. Nf3 a5 24. Ne5 Qc7 25. e4 Ne7 26. Qe2 Nc8 27. Qg4 b4 28. h4
b3 29. Qe2 Nd6 30. f3 a4 31. d5 exd5 32. exd5 Re8 33. h5 a3 34. Re1 b2 35. Qf1
Qb6+ 36. Qf2 Qxf2+ 37. Kxf2 f6 38. f4 Rab8 39. Re2 a2 40. Rbe1 b1=Q 41. Nc6
Rxe2+ 42. Rxe2 0-1

[Event "4th London Classic Open"]
[Site "London ENG"]
[Date "2012.12.03"]
[Round "3"]
[White "Altman,Joshua"]
[Black "Shah,Dipak K"]
[Result "0-1"]
[WhiteTitle "CM"]
[WhiteElo "1555"]
[BlackElo "1914"]
[WhiteFideId "426210"]
[BlackFideId "425842"]
[EventDate "2012.12.01"]

1. e4 d6 2. d4 Nf6 3. Nc3 g6 4. Be3 Bg7 5. f3 O-O 6. Qd2 c6 7. g4 e5 8. d5 cxd5
9. Nxd5 Nxd5 10. Qxd5 Nc6 11. O-O-O Be6 12. Qxd6 Qa5 13. Qa3 Qc7 14. h4 Rfc8 15.
Rh2 Nd4 16. Bxd4 exd4 17. Rhd2 Be5 18. Nh3 Bd6 19. Qd3 Qa5 20. a3 Be5 21. Qb5
Qc7 22. Kb1 a6 23. Qe2 b5 24. Qf2 Qa5 25. Ng5 Bc4 26. Bxc4 bxc4 27. Ka2 c3 28.
b4 Qc7 29. Rd3 Qc4+ 30. Kb1 a5 31. Rxd4 Bxd4 32. Rxd4 Qc7 33. b5 Qe7 34. Ka2 h6
35. Nh3 Rab8 36. Rd5 Qe8 37. Qe2 Rd8 38. Rxd8 Qxd8 0-1

[Event "4th London Classic Open"]
[Site "London ENG"]
[Date "2012.12.03"]
[Round "3"]
[White "Kazmierczak,Ewa"]
[Black "Fontaine,O"]
[Result "0-1"]
[WhiteElo "1487"]
[BlackElo "1904"]
[WhiteFideId "1154877"]
[BlackFideId "666548"]
[EventDate "2012.12.01"]

1. e4 c5 2. Nf3 a6 3. c4 e6 4. d4 cxd4 5. Nxd4 Nf6 6. Nc3 Bb4 7. f3 Nc6 8. Be3
Bxc3+ 9. bxc3 h6 10. Be2 O-O 11. Qd2 Kh7 12. Bd3 Ne5 13. O-O Qc7 14. Bf4 d6 15.
Bxe5 dxe5 16. Nc2 Rd8 17. Qe3 Nd7 18. Rfd1 Nc5 19. Be2 Bd7 20. Ne1 Na4 21. Rab1
Rab8 22. Kh1 Qa5 23. Rb4 Bc6 24. Nd3 Nxc3 25. Rd2 Rxd3 26. Rxd3 Nxe2 27. Rdb3
Nd4 28. Rb2 Qc5 29. Qf2 a5 30. Rb6 Qxc4 31. h3 a4 32. R6b4 Qc1+ 33. Qg1 Qxg1+
34. Kxg1 Ra8 35. a3 g5 36. Kf2 Ra5 37. Ke3 Kg6 38. Kd3 Rc5 39. Kd2 f5 40. exf5+
exf5 41. Rb1 Rc2+ 0-1

[Event "4th London Classic Open"]
[Site "London ENG"]
[Date "2012.12.04"]
[Round "4.1"]
[White "Melkumyan,H"]
[Black "Shaw,J"]
[Result "1-0"]
[WhiteTitle "GM"]
[BlackTitle "GM"]
[WhiteElo "2649"]
[BlackElo "2435"]
[WhiteFideId "13302485"]
[BlackFideId "2400553"]
[EventDate "2012.12.01"]

1. d4 d5 2. c4 c6 3. Nc3 Nf6 4. e3 Bf5 5. Nf3 e6 6. Nh4 Be4 7. f3 Bg6 8. Qb3 Qb6
9. Nxg6 hxg6 10. Bd3 Nbd7 11. Bd2 Be7 12. h3 O-O 13. Qxb6 axb6 14. Kf2 dxc4 15.
Bxc4 e5 16. Rad1 Rfd8 17. Bb3 b5 18. h4 Kf8 19. g4 exd4 20. exd4 Nb6 21. Ne2 Nc4
22. Bc1 Bd6 23. h5 gxh5 24. gxh5 Ke7 25. Rde1 Rh8 26. Bg5 Nxb2 27. Nc1+ Kf8 28.
h6 Ng8 29. hxg7+ Kxg7 30. Rxh8 Kxh8 31. Bxf7 Kg7 32. Be6 Re8 33. f4 Nf6 34. f5
Nh7 35. Bh4 Nf8 36. Rg1+ Kh8 37. Bf6+ 1-0

[Event "4th London Classic Open"]
[Site "London ENG"]
[Date "2012.12.04"]
[Round "4.2"]
[White "Zhou,Y"]
[Black "Gundavaa,B"]
[Result "1-0"]
[WhiteTitle "IM"]
[BlackTitle "IM"]
[WhiteElo "2419"]
[BlackElo "2530"]
[WhiteFideId "468584"]
[BlackFideId "4901045"]
[EventDate "2012.12.01"]

1. e4 c5 2. Nf3 g6 3. d4 cxd4 4. Nxd4 Nc6 5. c4 Nf6 6. Nc3 d6 7. Be2 Nxd4 8.
Qxd4 Bg7 9. Be3 O-O 10. Qd2 a5 11. Rd1 Be6 12. O-O a4 13. f4 Qa5 14. Bd4 Rfc8
15. b3 axb3 16. axb3 Re8 17. Qe3 Ng4 18. Bxg4 Bxg4 19. Rd3 Bxd4 20. Qxd4 Bd7 21.
Nd5 Bc6 22. b4 Qd8 23. f5 Bxd5 24. exd5 Ra4 25. Rh3 Rf8 26. Qh4 h5 27. Qg5 e5
28. f6 1-0

[Event "4th London Classic Open"]
[Site "London ENG"]
[Date "2012.12.04"]
[Round "4.3"]
[White "Williams,Si1"]
[Black "Hanley,C"]
[Result "1/2-1/2"]
[WhiteTitle "GM"]
[BlackTitle "IM"]
[WhiteElo "2515"]
[BlackElo "2412"]
[WhiteFideId "404454"]
[BlackFideId "408514"]
[EventDate "2012.12.01"]

1. d4 Nf6 2. c4 e6 3. Nf3 Bb4+ 4. Nbd2 d6 5. Qc2 c5 6. a3 Ba5 7. e3 O-O 8. dxc5
dxc5 9. Bd3 Qd6 10. O-O Rd8 11. Be2 Nc6 12. Rd1 Qe7 13. b3 e5 14. Bb2 Bg4 15.
Nf1 Bh5 16. Ng3 Bg6 17. Nf5 Qe6 18. N3h4 Rxd1+ 19. Rxd1 Rd8 20. Rxd8+ Bxd8 21.
Nxg6 hxg6 22. Ng3 Qd6 23. Bf3 Bc7 24. Kf1 b6 25. Ke2 Qd7 26. Ne4 Ne7 27. Nc3 Nf5
28. Qd3 Qe8 29. Nd5 Bd8 30. Nxf6+ Bxf6 31. Be4 Qe6 32. Bd5 Qe8 33. Qc2 Ne7 34.
Be4 Qd7 35. f3 a5 36. g4 Kf8 37. Bc3 Nc8 38. Qd3 Qxd3+ 39. Kxd3 g5 40. Bd5 Ke8
41. Bc6+ Kd8 42. Be1 g6 43. Ke4 Kc7 44. Bb5 Kd6 45. Ba6 Ne7 46. Bb5 Ke6 47. b4
axb4 48. axb4 cxb4 49. Bxb4 Bg7 50. Kd3 Ng8 51. Bc6 Nf6 52. Bb7 Kd7 53. e4 Nh7
54. Bd5 f6 55. Bf7 Nf8 56. Ke3 Kc7 57. Ke2 Kc6 58. Bd2 Kd7 59. Bb4 Kc7 60. Ba3
Kd7 61. Kd2 Kc7 62. Kc3 Nd7 63. Bxg6 Nc5 64. Bf7 Bf8 65. Bc1 Na4+ 66. Kb3 Nc5+
67. Kc2 Na4 68. Bd2 Nc5 69. Be1 Kd7 70. Bf2 Bd6 71. Bd5 Bf8 72. Be3 Kc7 73. Bf7
Kd7 74. Kd1 Kc7 75. Ke2 Nb3 76. Bf2 Nd4+ 77. Bxd4 exd4 1/2-1/2

[Event "4th London Classic Open"]
[Site "London ENG"]
[Date "2012.12.04"]
[Round "4.6"]
[White "Van Kampen,R"]
[Black "Arvola,B"]
[Result "1-0"]
[WhiteTitle "GM"]
[BlackTitle "FM"]
[WhiteElo "2570"]
[BlackElo "2285"]
[WhiteFideId "1020854"]
[BlackFideId "1506536"]
[EventDate "2012.12.01"]

1. e4 e5 2. Nf3 Nc6 3. Bb5 a6 4. Ba4 Nf6 5. O-O Be7 6. Re1 b5 7. Bb3 O-O 8. a3
d6 9. c3 Re8 10. h3 Bf8 11. d4 h6 12. Nbd2 Bb7 13. Ba2 Nb8 14. Qb3 Re7 15. Nh4
c5 16. Ng6 Rc7 17. Nxf8 Qxf8 18. Nf3 exd4 19. cxd4 Nxe4 20. dxc5 dxc5 21. Bf4
Re7 22. Ne5 c4 23. Qc2 Nf6 24. b3 cxb3 25. Bxb3 Nbd7 26. Ng6 Rxe1+ 27. Rxe1 Qc5
28. Qd3 Nf8 29. Re5 Qb6 30. Re7 Nd5 31. Bxd5 Qxg6 32. Qxg6 Nxg6 33. Bxb7 Rd8 34.
Re4 f5 35. Rb4 a5 36. Rxb5 Nxf4 37. Rxf5 Ne2+ 38. Kh2 a4 39. Bd5+ Kh8 40. Be4
Nc3 41. Bc2 Rb8 42. Ra5 g5 43. Bxa4 Rb2 44. Bc6 Rxf2 45. Rc5 Ne2 46. a4 Nd4 47.
Bd5 Rb2 48. a5 Rb5 49. Rxb5 Nxb5 50. Kg3 Kg7 51. Kf3 Kf6 52. Ke4 Na7 53. Kd4 1-0

[Event "4th London Classic Open"]
[Site "London ENG"]
[Date "2012.12.04"]
[Round "4.7"]
[White "Ansell,S"]
[Black "Rowson,J"]
[Result "1/2-1/2"]
[WhiteTitle "IM"]
[BlackTitle "GM"]
[WhiteElo "2377"]
[BlackElo "2586"]
[WhiteFideId "402141"]
[BlackFideId "2400561"]
[EventDate "2012.12.01"]

1. e4 c5 2. Nf3 e6 3. g3 Nc6 4. Bg2 Nf6 5. Qe2 d5 6. exd5 Nxd5 7. O-O g6 8. Nc3
Bg7 9. Nxd5 Qxd5 10. Rd1 O-O 11. d4 cxd4 12. c3 Qh5 13. cxd4 Bd7 14. h3 h6 15.
d5 Ne5 16. Bf4 Nxf3+ 17. Bxf3 Qf5 18. Rac1 e5 19. Bg4 Qf6 20. Be3 Rfd8 21. Rc7
Qd6 22. Rxb7 f5 23. Bf3 Rdb8 24. Rxb8+ Rxb8 25. b3 a5 26. Qd2 a4 27. Bxh6 axb3
28. axb3 Rxb3 29. Bxg7 Kxg7 30. Bg2 Qb6 31. Qg5 Qf6 32. h4 Qxg5 33. hxg5 e4 34.
Bf1 Kf7 35. Bc4 Rb4 36. Ba2 Rb2 37. Bc4 Rb4 38. Ba2 Rb2 39. Bc4 1/2-1/2